UBT Library

Historia e Integrimit Europian / (Record no. 1094)

000 -LEADER
fixed length control field 00489nam a22001937a 4500
008 - FIXED-LENGTH DATA ELEMENTS--GENERAL INFORMATION
fixed length control field 150707b xxu||||| |||| 00| 0 alb d
020 ## - INTERNATIONAL STANDARD BOOK NUMBER
International Standard Book Number 9789995673642
041 0# - LANGUAGE CODE
Language code of text/sound track or separate title alb
080 ## - UNIVERSAL DECIMAL CLASSIFICATION NUMBER
Universal Decimal Classification number 94
Item number (4)
100 ## - Rafti
Rafti Dinan, Desmond ;
245 ## - TITLE STATEMENT
Title Historia e Integrimit Europian /
Statement of responsibility, etc Desmond Dinan.
260 ## -
-- Tiranë :
-- AIIS ;
300 ## -
-- 236 f.:
-- me il.;
-- 23 cm.
500 ## -
-- Parathënie: f. [7]
650 #0 -
-- Historia
650 #0 -
-- Europa
650 #0 -
-- Bashkimi
942 ## - ADDED ENTRY ELEMENTS (KOHA)
Source of classification or shelving scheme
Item type Books
Holdings
Withdrawn status Lost status Source of classification or shelving scheme Damaged status Not for loan Collection code Permanent location Current location Shelving location Date acquired Total Checkouts Full call number Date last seen Price effective from Koha item type
          Koleksioni i përgjithshem UBT - Prishtine UBT - Prishtine Koleksioni i përgjithshem 07/07/2015   94 (4) DIN 07/07/2015 07/07/2015 Books
UBT Library © 2015-2024. All rights reserved University Education for Business and Technology